[Event "XV C.to Mondiale Seniores Over 50"]
[Site "Acqui Terme ITA"]
[Date "2015.11.12"]
[Round "3"]
[White "Cummings, David H"]
[Black "Bellia, Fabrizio"]
[WhiteElo "2307"]
[BlackElo "2452"]
[Result "0-1"]
[PlyCount "138"]
[EventDate "2015.11.10"]

1. d4 Nf6 2. c4 e6 3. Nc3 Bb4 4. Qc2 O-O 5. Nf3 d5 6. cxd5 exd5 7. Bg5 Nbd7 8.
e3 c5 9. dxc5 Qa5 10. Bd3 Ne4 11. O-O Bxc3 12. bxc3 Ndxc5 13. Be7 Re8 14. Bxc5
Qxc5 15. Rab1 Nf6 16. Nd4 b6 17. Rfc1 Bd7 18. c4 Rac8 19. Qb2 Qd6 20. cxd5 Qxd5
21. Bb5 Rc5 22. Bxd7 Qxd7 23. h3 h6 24. Rd1 Qa4 25. Nb3 Rg5 26. Nd4 Rc8 27.
Rbc1 Rcc5 28. Nf3 Rgd5 29. Rxd5 Rxd5 30. Rc8+ Kh7 31. Qc2+ Qxc2 32. Rxc2 Ra5
33. Nd4 Nd5 34. Nc6 Ra3 35. e4 Nf4 36. f3 h5 37. Rd2 f6 38. Nb4 h4 39. Nd5 Nd3
40. Rc2 Nc5 41. Kf1 Kg6 42. Ke2 Kf7 43. Kd2 g6 44. Nc3 f5 45. exf5 gxf5 46. Kc1
Nd3+ 47. Kd1 Nf4 48. Nb1 Ra5 49. Rd2 Kf6 50. Nc3 Rc5 51. Kc2 Rc7 52. Kb3 Rg7
53. Nb5 Rxg2 54. Rd6+ Ke5 55. Rh6 Rg3 56. Nxa7 Rxf3+ 57. Kc4 Rxh3 58. Rxb6 Ra3
59. Nc6+ Ke4 60. Rb2 h3 61. Rh2 Kf3 62. Kb4 Ra8 63. Nd4+ Kg3 64. Rd2 Rf8 65. a4
h2 66. Rd1 Nd5+ 67. Kc5 Nc3 68. Rc1 Rc8+ 69. Nc6 Ne2 0-1

[Event "XV C.to Mondiale Seniores Over 50"]
[Site "Acqui Terme ITA"]
[Date "2015.11.12"]
[Round "3"]
[White "Garcia Palermo, Carlos"]
[Black "Furman, Boris"]
[WhiteElo "2446"]
[BlackElo "2218"]
[Result "1-0"]
[PlyCount "63"]
[EventDate "2015.11.10"]

1. c4 e6 2. Nf3 d5 3. g3 Nf6 4. Bg2 d4 5. e3 c5 6. exd4 cxd4 7. O-O Nc6 8. d3
Bd6 9. Bg5 h6 10. Bxf6 Qxf6 11. Nbd2 O-O 12. a3 a5 13. Qa4 Bd7 14. Ne4 Qe7 15.
Nxd6 Qxd6 16. Qb5 a4 17. b4 axb3 18. Qxb3 Ra5 19. Nd2 f5 20. Qb2 e5 21. Nb3 Ra7
22. f4 exf4 23. Rxf4 g5 24. Rf2 Rfa8 25. Bd5+ Kh7 26. Nxd4 Ne7 27. Re1 Nxd5 28.
cxd5 Qxd5 29. Re7+ Kg6 30. Rg7+ Kh5 31. Qe2+ g4 32. Qe7 1-0

[Event "XV C.to Mondiale Seniores Over 50"]
[Site "Acqui Terme ITA"]
[Date "2015.11.12"]
[Round "3"]
[White "Habibi, Ali"]
[Black "Mohr, Georg"]
[WhiteElo "2255"]
[BlackElo "2443"]
[Result "0-1"]
[PlyCount "122"]
[EventDate "2015.11.10"]

1. Nf3 g6 2. g3 Bg7 3. Bg2 e5 4. d3 d5 5. O-O Ne7 6. c4 O-O 7. cxd5 Nxd5 8. Qb3
Ne7 9. Nc3 Nbc6 10. Ne4 h6 11. Re1 b6 12. Bd2 a5 13. Rac1 Be6 14. Qa4 Rc8 15.
Be3 Bd7 16. Qb3 Be6 17. Qa4 Bd7 18. Qb3 Nf5 19. a3 Nxe3 20. fxe3 Ne7 21. Nc3
Nf5 22. Nd1 h5 23. e4 Be6 24. Qc3 Nd4 25. e3 Nxf3+ 26. Bxf3 c5 27. Nf2 Qg5 28.
Kg2 Rfd8 29. h4 Qe7 30. b3 Qd7 31. Qc2 Ra8 32. Rb1 Rdb8 33. Bd1 Bf8 34. Qc3 Bd6
35. a4 b5 36. axb5 Qxb5 37. Bc2 Qb4 38. Nd1 Qxc3 39. Nxc3 c4 40. Nd5 cxb3 41.
Rxb3 Rxb3 42. Bxb3 Rb8 43. Rb1 a4 44. Ba2 Rxb1 45. Bxb1 a3 46. Ba2 Bc5 47. Kf2
Kg7 48. Ke2 f6 49. Kd2 f5 50. exf5 gxf5 51. Ke2 e4 52. Kd2 Bd6 53. dxe4 fxe4
54. Kc3 Bxg3 55. Kd4 Bxh4 56. Kxe4 Bf6 57. Kf4 h4 58. e4 h3 59. Kf3 Be5 60. Bb1
h2 61. Kg2 Bg4 0-1

[Event "XV C.to Mondiale Seniores Over 50"]
[Site "Acqui Terme ITA"]
[Date "2015.11.12"]
[Round "3"]
[White "Ivanov, Alexander"]
[Black "Berend, Fred"]
[WhiteElo "2506"]
[BlackElo "2347"]
[Result "1-0"]
[PlyCount "129"]
[EventDate "2015.11.10"]

1. e4 e5 2. Nc3 Nf6 3. g3 Bc5 4. Bg2 d6 5. Nge2 a6 6. d4 Ba7 7. h3 Nc6 8. Be3
O-O 9. g4 Re8 10. d5 Ne7 11. g5 Nd7 12. Bxa7 Rxa7 13. Qd2 b5 14. h4 Nb6 15. b3
b4 16. Nd1 a5 17. Ne3 c6 18. dxc6 Rc7 19. a3 Nxc6 20. axb4 axb4 21. O-O h6 22.
gxh6 g6 23. Rfd1 Qxh4 24. Qxd6 Ree7 25. Qd2 Re6 26. Nd5 Nxd5 27. exd5 Rf6 28.
Qe3 Nd4 29. Nxd4 Rc3 30. Rd3 Rxd3 31. cxd3 exd4 32. Qg3 Qxh6 33. Qb8 Kg7 34.
Qxc8 Qf4 35. Rf1 Rf5 36. Qc1 Qh4 37. f4 Rh5 38. Rf3 Rxd5 39. Rh3 Qg4 40. Qf1
Rf5 41. Rf3 Rc5 42. Qf2 Qd7 43. f5 Rxf5 44. Rxf5 gxf5 45. Qg3+ Kf6 46. Kf1 Qe6
47. Qh4+ Kg6 48. Bf3 Qxb3 49. Bh5+ Kg7 50. Qg5+ Kh8 51. Qxf5 Qb1+ 52. Kg2 Qa2+
53. Kg3 Kg7 54. Qg5+ Kh7 55. Bg4 Qa6 56. Bf5+ Kh8 57. Qd8+ Kg7 58. Qxd4+ Qf6
59. Qxf6+ Kxf6 60. Kf4 b3 61. d4 b2 62. d5 Ke7 63. Ke5 f6+ 64. Kd4 Kd6 65. Bb1
1-0

[Event "XV C.to Mondiale Seniores Over 50"]
[Site "Acqui Terme ITA"]
[Date "2015.11.12"]
[Round "3"]
[White "Larsen, Flemming Bo"]
[Black "Roselli Mailhe, Bernardo"]
[WhiteElo "2171"]
[BlackElo "2409"]
[Result "0-1"]
[PlyCount "64"]
[EventDate "2015.11.10"]

1. c4 e5 2. g3 Nc6 3. Bg2 Bc5 4. Nc3 a6 5. e3 Nge7 6. Nge2 d6 7. d4 Ba7 8. O-O
O-O 9. dxe5 Nxe5 10. b3 Rb8 11. h3 b5 12. cxb5 axb5 13. b4 Bb7 14. Bxb7 Rxb7
15. Nd5 Nxd5 16. Qxd5 c6 17. Qb3 Qf6 18. Bb2 Qf5 19. Bxe5 dxe5 20. Kg2 Qe4+ 21.
Kg1 h5 22. Nc3 Qf5 23. h4 Re7 24. e4 Qh3 25. Ne2 Qg4 26. Qc2 Rd8 27. Kg2 Red7
28. f3 Qe6 29. Qb3 Rd2 30. Rfe1 Qh6 31. Rad1 R8d3 32. Rxd2 Qxd2 0-1

[Event "XV C.to Mondiale Seniores Over 50"]
[Site "Acqui Terme ITA"]
[Date "2015.11.12"]
[Round "3"]
[White "McKay, Roderick M"]
[Black "Arkell, Keith C"]
[WhiteElo "2344"]
[BlackElo "2499"]
[Result "1-0"]
[PlyCount "66"]
[EventDate "2015.11.10"]

1. d4 Nf6 2. Nf3 e6 3. c4 b6 4. g3 Ba6 5. b3 b5 6. cxb5 Bxb5 7. Bg2 Bb4+ 8. Bd2
a5 9. O-O Bc6 10. a3 Bxd2 11. Nbxd2 Qc8 12. Re1 Ne4 13. Rc1 Nxd2 14. Qxd2 f5
15. Rc5 Qa6 16. Rec1 Ra7 17. d5 Bxd5 18. Rxd5 exd5 19. Ng5 h6 20. Qe3+ Kf8 21.
Nh3 Nc6 22. Rxc6 dxc6 23. Nf4 g5 24. Qe5 gxf4 25. Qxh8+ Ke7 26. Qg7+ Kd6 27.
Qf8+ Ke6 28. Bh3 fxg3 29. f4 Qb6+ 30. Kh1 d4 31. Bxf5+ Kd5 32. Qf7+ Kc5 33.
Qe7+ Kd5 1-0

[Event "XV C.to Mondiale Seniores Over 50"]
[Site "Acqui Terme ITA"]
[Date "2015.11.12"]
[Round "3"]
[White "Nikolic, Predrag"]
[Black "Julia, Ernesto"]
[WhiteElo "2603"]
[BlackElo "2356"]
[Result "1-0"]
[PlyCount "81"]
[EventDate "2015.11.10"]

1. Nf3 Nf6 2. c4 g6 3. g3 Bg7 4. Bg2 O-O 5. d4 d6 6. O-O Nbd7 7. Nc3 e5 8. e4
c6 9. b3 exd4 10. Nxd4 Re8 11. h3 Nc5 12. Re1 a5 13. Rb1 Nfd7 14. Be3 Nf8 15.
Qd2 Be6 16. f4 Qe7 17. Bf2 Rad8 18. a3 Bc8 19. b4 axb4 20. axb4 Nce6 21. Nf3
Nc7 22. Rbd1 Be6 23. Nd5 cxd5 24. exd5 Qd7 25. dxe6 Ncxe6 26. Qd3 Qc7 27. Nd2
b5 28. cxb5 Qc3 29. Qxc3 Bxc3 30. Re3 Bxb4 31. Ne4 Kg7 32. Red3 Re7 33. b6 Red7
34. Rd5 f5 35. Rb1 Bc5 36. Nxc5 dxc5 37. b7 Rb8 38. Rxc5 Nxc5 39. Bxc5 Rdd8 40.
Ba7 Nd7 41. Rd1 1-0

[Event "XV C.to Mondiale Seniores Over 50"]
[Site "Acqui Terme ITA"]
[Date "2015.11.12"]
[Round "3"]
[White "Shevelev, Arkady"]
[Black "Kristiansen, Jens"]
[WhiteElo "2284"]
[BlackElo "2420"]
[Result "1-0"]
[PlyCount "75"]
[EventDate "2015.11.10"]

1. e4 c5 2. Nf3 d6 3. d4 cxd4 4. Nxd4 Nf6 5. Nc3 Nc6 6. Be3 e6 7. Be2 Be7 8.
O-O O-O 9. f4 Bd7 10. Nb3 Qc7 11. Bf3 Rfd8 12. Qe2 Be8 13. Rad1 a6 14. a4 Rab8
15. Qf2 b5 16. axb5 axb5 17. Ne2 Nb4 18. c3 Nc2 19. Bc1 b4 20. Nbd4 Nxd4 21.
cxd4 Qc2 22. Ng3 Ba4 23. Rd2 Qc4 24. Be2 Qc6 25. Bd3 d5 26. e5 Ne4 27. Bxe4
dxe4 28. Qe3 Bc2 29. f5 Bd3 30. Rxd3 exd3 31. f6 Bf8 32. fxg7 Bxg7 33. Nh5 Qc4
34. Qg5 Qxd4+ 35. Be3 Qxe5 36. Nf6+ Qxf6 37. Rxf6 Rb7 38. Rxe6 1-0

[Event "XV C.to Mondiale Seniores Over 50"]
[Site "Acqui Terme ITA"]
[Date "2015.11.12"]
[Round "3"]
[White "Sorm, Daniel"]
[Black "Rozentalis, Eduardas"]
[WhiteElo "2353"]
[BlackElo "2553"]
[Result "0-1"]
[PlyCount "73"]
[EventDate "2015.11.10"]

1. d4 Nf6 2. c4 e6 3. Nc3 Bb4 4. e3 O-O 5. Bd3 d5 6. cxd5 exd5 7. Nge2 Re8 8.
O-O Bf8 9. a3 c5 10. dxc5 Bxc5 11. b4 Bd6 12. Nb5 Be5 13. Nbd4 Nc6 14. Bb2 Ng4
15. h3 Bh2+ 16. Kh1 Bc7 17. Nf4 Nge5 18. Nb5 Bb8 19. Be2 a6 20. Nd4 Ng6 21.
Nxg6 hxg6 22. Nxc6 bxc6 23. Bg4 Bxg4 24. Qxg4 Re4 25. Qd1 Qd6 26. g3 Bc7 27.
Bd4 Rae8 28. Kg2 a5 29. Qd2 g5 30. Rac1 g4 31. Rh1 axb4 32. Qxb4 Qg6 33. Qb7
Bxg3 34. Rxc6 Qf5 35. hxg4 Qxf2+ 36. Kh3 Qf3 37. Qxf7+ 0-1

[Event "XV C.to Mondiale Seniores Over 50"]
[Site "Acqui Terme ITA"]
[Date "2015.11.13"]
[Round "4"]
[White "Arkell, Keith C"]
[Black "Shevelev, Arkady"]
[WhiteElo "2499"]
[BlackElo "2284"]
[Result "1-0"]
[PlyCount "139"]
[EventDate "2015.11.10"]

1. d4 Nf6 2. Nf3 d5 3. c4 c5 4. cxd5 cxd4 5. Qa4+ Qd7 6. Qxd4 Qxd5 7. Nc3 Qxd4
8. Nxd4 a6 9. Bg5 e5 10. Bxf6 gxf6 11. Nc2 Be6 12. g3 Nc6 13. Bg2 O-O-O 14. Rc1
Kb8 15. O-O Nb4 16. Nxb4 Bxb4 17. Rc2 Rc8 18. Rfc1 Rhd8 19. h4 Rd4 20. e3 Rdc4
21. a3 Be7 22. Ra1 Rd8 23. Kf1 Bf5 24. Rcc1 Be6 25. Ke1 Rcc8 26. Ne2 h6 27.
Rxc8+ Rxc8 28. Nc3 Bb3 29. Bh3 Rc6 30. Bf5 b5 31. Be4 Rc7 32. Nd5 Bxd5 33. Bxd5
Rc2 34. Rb1 Bd8 35. Bxf7 Ba5+ 36. b4 Bc7 37. Bb3 Rc6 38. g4 Bb6 39. Ke2 Rc3 40.
Kf3 Rd3 41. Rb2 Bd4 42. Rb1 Bb6 43. Ke4 Rd2 44. Rf1 Bd8 45. h5 Be7 46. Rd1 Rxf2
47. Rd7 f5+ 48. gxf5 Bg5 49. Kxe5 Rf3 50. Rd3 Kc7 51. Bd5 Rxe3+ 52. Rxe3 Bxe3
53. f6 Kd8 54. Bc6 Bc1 55. Kf5 Bxa3 56. Kg6 Bb2 57. Bb7 Ke8 58. Kg7 Kd7 59.
Bxa6 Ke6 60. Bc8+ Kd6 61. Bg4 Bc3 62. Kg6 Bb2 63. Be2 Ke6 64. f7 Ke7 65. Bxb5
Kf8 66. Bc4 Bc1 67. b5 Be3 68. Bb3 Bg5 69. b6 Bf6 70. b7 1-0

[Event "XV C.to Mondiale Seniores Over 50"]
[Site "Acqui Terme ITA"]
[Date "2015.11.13"]
[Round "4"]
[White "Bagaturov, Giorgi"]
[Black "Ivanov, Alexander"]
[WhiteElo "2397"]
[BlackElo "2506"]
[Result "1/2-1/2"]
[PlyCount "102"]
[EventDate "2015.11.10"]

1. d4 g6 2. Nf3 Bg7 3. c4 c5 4. d5 d6 5. e4 e6 6. Be2 Nf6 7. Nc3 O-O 8. O-O Re8
9. Qc2 exd5 10. cxd5 Bg4 11. h3 Bxf3 12. Bxf3 Nbd7 13. Bf4 Ne5 14. Be2 a6 15.
a4 Qc7 16. Rfe1 Re7 17. Bg3 g5 18. Qd2 h6 19. f4 gxf4 20. Qxf4 Rd8 21. Qd2 Ng6
22. Bf3 Rde8 23. Kh1 Qd7 24. Qc2 b5 25. axb5 axb5 26. Ra6 Ne5 27. Be2 c4 28.
Rb6 Qa7 29. Rxb5 Qe3 30. Bf3 Qg5 31. Bh2 Nfd7 32. Rb7 Nc5 33. Rxe7 Rxe7 34. Rf1
Ncd3 35. Be2 Rb7 36. Nd1 Kh7 37. Bxd3 cxd3 38. Qc8 Rb4 39. Bxe5 Qxe5 40. Nf2 d2
41. Qg4 f5 42. Qd1 fxe4 43. Qxd2 Rd4 44. Qe3 Qxd5 45. Re1 Qe5 46. Nxe4 d5 47.
Nc5 Qxe3 48. Rxe3 Rd1+ 49. Kh2 Bxb2 50. Rd3 Be5+ 51. g3 Rxd3 1/2-1/2

[Event "XV C.to Mondiale Seniores Over 50"]
[Site "Acqui Terme ITA"]
[Date "2015.11.13"]
[Round "4"]
[White "Bellia, Fabrizio"]
[Black "McKay, Roderick M"]
[WhiteElo "2452"]
[BlackElo "2344"]
[Result "0-1"]
[PlyCount "104"]
[EventDate "2015.11.10"]

1. d4 d6 2. e4 Nf6 3. Nc3 e5 4. Nf3 Nbd7 5. Bc4 h6 6. h3 c6 7. a4 Qc7 8. O-O
Be7 9. Re1 Nf8 10. dxe5 dxe5 11. Nh4 g6 12. Nf3 g5 13. Nh2 Ng6 14. Ng4 Bxg4 15.
hxg4 Qc8 16. f3 h5 17. gxh5 Nf4 18. Be3 g4 19. fxg4 Qxg4 20. Qxg4 Nxg4 21. Bf2
Nxh5 22. g3 Nhf6 23. Rad1 Rh2 24. Rd2 Rxf2 25. Rxf2 Bc5 26. Nd1 Nxf2 27. Nxf2
Ng4 28. Kg2 Nxf2 29. b4 Bd4 30. Rf1 a6 31. c3 Ba7 32. b5 cxb5 33. axb5 Rc8 34.
bxa6 Rxc4 35. axb7 Rc7 36. Rxf2 Rxb7 37. Ra2 Ke7 38. Kf3 Bc5 39. Kg4 Ke6 40. c4
Rc7 41. Ra6+ Bd6 42. Ra4 Rc8 43. Kf3 Rb8 44. Ra6 Rb3+ 45. Kg4 Rc3 46. Ra4 Re3
47. c5 Bxc5 48. Ra6+ Bd6 49. Ra4 Rxe4+ 50. Rxe4 f5+ 51. Kf3 fxe4+ 52. Kxe4 Be7
0-1

[Event "XV C.to Mondiale Seniores Over 50"]
[Site "Acqui Terme ITA"]
[Date "2015.11.13"]
[Round "4"]
[White "Furman, Boris"]
[Black "Kalegin, Evgenij"]
[WhiteElo "2218"]
[BlackElo "2440"]
[Result "0-1"]
[PlyCount "112"]
[EventDate "2015.11.10"]

1. d4 Nf6 2. c4 g6 3. Nc3 Bg7 4. Nf3 O-O 5. Bg5 h6 6. Bh4 c5 7. d5 Qa5 8. Nd2
e6 9. e3 d6 10. Be2 a6 11. Bg3 e5 12. a4 Ne8 13. e4 f5 14. f3 Nd7 15. Bf2 Qd8
16. h4 Ndf6 17. g4 fxg4 18. fxg4 b6 19. Nf1 Ra7 20. Be3 Nh7 21. Qd2 Nef6 22.
Qd1 Ne8 23. Qd2 Bf6 24. Bf2 Raf7 25. Bg3 Bg7 26. Ne3 Rf4 27. O-O-O Qe7 28. Rdf1
Bd7 29. Rfg1 Nc7 30. h5 g5 31. Nf5 Bxf5 32. gxf5 Nf6 33. Bd3 Rg4 34. Qe3 Re8
35. Be2 Rf4 36. Bd3 Qf7 37. Be2 Kh8 38. Bd1 Rb8 39. Be2 Qe7 40. Bd3 Qf7 41. Qe2
Rg4 42. Qf3 Qd7 43. Be2 b5 44. cxb5 axb5 45. axb5 Nxb5 46. Qe3 Nxc3 47. Bxg4
Na2+ 48. Kb1 Nxg4 49. Qa3 Nb4 50. Be1 Nf6 51. Bxb4 cxb4 52. Qd3 b3 53. Re1 Qa4
54. Rh3 Qa2+ 55. Kc1 Rc8+ 56. Kd1 Qxb2 0-1

[Event "XV C.to Mondiale Seniores Over 50"]
[Site "Acqui Terme ITA"]
[Date "2015.11.13"]
[Round "4"]
[White "Izquierdo, Daniel"]
[Black "Llanos, Guillermo"]
[WhiteElo "2161"]
[BlackElo "2388"]
[Result "1-0"]
[PlyCount "112"]
[EventDate "2015.11.10"]

1. d4 f5 2. Nc3 d5 3. Bf4 e6 4. e3 Nf6 5. a3 a6 6. Nf3 c5 7. Ne2 Nc6 8. c3 Be7
9. Nc1 c4 10. Ne5 Qb6 11. Qc2 Na5 12. Be2 Bd7 13. Nxd7 Nxd7 14. g4 fxg4 15.
Bxg4 O-O-O 16. h4 h5 17. Bf3 Rdf8 18. Rh3 Rf5 19. Ne2 Nb3 20. Rd1 Rhf8 21. Ng3
R5f6 22. Nxh5 R6f7 23. Qg6 Nf6 24. Nxf6 Rxf6 25. Qxg7 Bd6 26. Bxd6 Qxd6 27. Ke2
Qb6 28. Qh7 Kb8 29. Qc2 Qc7 30. Rg1 e5 31. dxe5 Qxe5 32. Qh7 R6f7 33. Rg5 Qe6
34. Rg7 Rxg7 35. Qxg7 Rg8 36. Qh7 Nc1+ 37. Kd2 Nb3+ 38. Ke2 Nc1+ 39. Kd2 Nd3
40. Rg3 Rf8 41. Qg7 Qd6 42. Rg6 Qd8 43. Ke2 Rxf3 44. Kxf3 Qxh4 45. Qf8+ Ka7 46.
Rg3 Qh1+ 47. Kg4 Qh2 48. Kg5 Qh7 49. Qf6 Nc5 50. Rg4 a5 51. Rh4 Qg8+ 52. Kh6 b6
53. Rh5 Ne4 54. Qg7+ Qxg7+ 55. Kxg7 Nc5 56. Kh6 Ka6 1-0

[Event "XV C.to Mondiale Seniores Over 50"]
[Site "Acqui Terme ITA"]
[Date "2015.11.13"]
[Round "4"]
[White "Julia, Ernesto"]
[Black "Blodig, Reinhard"]
[WhiteElo "2356"]
[BlackElo "2147"]
[Result "1-0"]
[PlyCount "69"]
[EventDate "2015.11.10"]

1. b3 c5 2. Bb2 Nc6 3. e3 a6 4. c4 Nf6 5. Nf3 g6 6. Bxf6 exf6 7. Nc3 f5 8. Rc1
Bg7 9. Be2 d6 10. O-O O-O 11. Ne1 Re8 12. Bf3 Rb8 13. g3 Bd7 14. a4 g5 15. Bg2
Re6 16. Nc2 Bxc3 17. dxc3 Rh6 18. Qd2 Qf6 19. f4 Na5 20. Rb1 g4 21. Rfe1 Bc6
22. Bd5 Bxd5 23. cxd5 Qd8 24. e4 fxe4 25. Ne3 Rg6 26. b4 cxb4 27. cxb4 Nc6 28.
dxc6 bxc6 29. f5 Rg5 30. Red1 d5 31. b5 axb5 32. axb5 Rxb5 33. Rxb5 cxb5 34.
Qxd5 Qxd5 35. Rxd5 1-0

[Event "XV C.to Mondiale Seniores Over 50"]
[Site "Acqui Terme ITA"]
[Date "2015.11.13"]
[Round "4"]
[White "Levrand, Roland"]
[Black "Efimov, Igor"]
[WhiteElo "2168"]
[BlackElo "2408"]
[Result "1/2-1/2"]
[PlyCount "83"]
[EventDate "2015.11.10"]

1. e4 c5 2. Nf3 Nc6 3. d4 cxd4 4. Nxd4 Nf6 5. Nc3 d6 6. Bg5 Bd7 7. Qd2 Rc8 8.
O-O-O Nxd4 9. Qxd4 Qa5 10. Be3 a6 11. f3 g6 12. Bc4 Bg7 13. Nd5 Be6 14. Kb1 b5
15. Bb3 Bxd5 16. exd5 O-O 17. Qb6 Qxb6 18. Bxb6 Nd7 19. Bd4 Bxd4 20. Rxd4 Nc5
21. Re1 Rc7 22. c3 Rfc8 23. Bd1 b4 24. c4 a5 25. b3 Kf8 26. Kb2 Ra8 27. a4
bxa3+ 28. Kxa3 Rb8 29. Bc2 Rb4 30. Re3 Rcb7 31. Rh4 h5 32. Rf4 Kg7 33. g4 hxg4
34. fxg4 R4b6 35. g5 Rc7 36. Rh4 Rb8 37. Reh3 Rg8 38. Rh7+ Kf8 39. Rf3 Rg7 40.
Rh8+ Rg8 41. Rh7 Rg7 42. Rh8+ 1/2-1/2

[Event "XV C.to Mondiale Seniores Over 50"]
[Site "Acqui Terme ITA"]
[Date "2015.11.13"]
[Round "4"]
[White "Madeira, Wagner Martins"]
[Black "Wiedenkeller, Michael"]
[WhiteElo "2168"]
[BlackElo "2454"]
[Result "0-1"]
[PlyCount "30"]
[EventDate "2015.11.10"]

1. e4 e5 2. f4 Bc5 3. Nf3 d6 4. c3 Nf6 5. d4 exd4 6. cxd4 Bb6 7. Nc3 O-O 8. Be2
d5 9. e5 Ne4 10. O-O a6 11. Be3 Nc6 12. Rc1 h6 13. a3 Ne7 14. Kh1 Bg4 15. Nh4
Nf5 0-1

[Event "XV C.to Mondiale Seniores Over 50"]
[Site "Acqui Terme ITA"]
[Date "2015.11.13"]
[Round "4"]
[White "Malinin, Vasily B"]
[Black "Garcia Palermo, Carlos"]
[WhiteElo "2261"]
[BlackElo "2446"]
[Result "0-1"]
[PlyCount "64"]
[EventDate "2015.11.10"]

1. d4 Nf6 2. c4 e6 3. Nc3 Bb4 4. Bg5 c5 5. d5 exd5 6. cxd5 d6 7. e3 Nbd7 8. Bd3
Qa5 9. Nge2 Nxd5 10. O-O Bxc3 11. bxc3 h6 12. Bh4 O-O 13. Kh1 Re8 14. Bc2 N5f6
15. c4 b6 16. Qxd6 Ba6 17. Qf4 Qd2 18. Bd1 Re4 19. Qf3 Ne5 20. Qh3 Bc8 21. Bxf6
Bxh3 22. Ng3 Rxe3 23. gxh3 Rxg3 24. Bxe5 Rxh3 25. Bg3 Qc3 26. Bg4 Rxg3 27. hxg3
Qxc4 28. Bf3 Rd8 29. a4 Rd2 30. Kg2 Qd4 31. Ra3 c4 32. Bc6 Qc5 0-1

[Event "XV C.to Mondiale Seniores Over 50"]
[Site "Acqui Terme ITA"]
[Date "2015.11.13"]
[Round "4"]
[White "Mohr, Georg"]
[Black "Nikolic, Predrag"]
[WhiteElo "2443"]
[BlackElo "2603"]
[Result "1/2-1/2"]
[PlyCount "52"]
[EventDate "2015.11.10"]

1. e4 e6 2. d3 d5 3. Nd2 c5 4. Ngf3 Nc6 5. g3 Bd6 6. Bg2 Nge7 7. O-O O-O 8. Re1
Bc7 9. c3 d4 10. Nb3 Bb6 11. cxd4 cxd4 12. e5 a5 13. a4 Ng6 14. Nbd2 Bc7 15.
Nc4 Bd7 16. h4 f6 17. exf6 gxf6 18. h5 Nge7 19. Nxd4 Nxd4 20. Qg4+ Kh8 21. Qxd4
Nc6 22. Qc3 e5 23. Bh6 Rg8 24. Be3 Bg4 25. h6 Ra6 26. b3 Qd7 1/2-1/2

[Event "XV C.to Mondiale Seniores Over 50"]
[Site "Acqui Terme ITA"]
[Date "2015.11.13"]
[Round "4"]
[White "Roselli Mailhe, Bernardo"]
[Black "Berkovich, Mark A"]
[WhiteElo "2409"]
[BlackElo "2372"]
[Result "1-0"]
[PlyCount "67"]
[EventDate "2015.11.10"]

1. d4 Nf6 2. c4 e6 3. Nf3 d5 4. Nc3 Bb4 5. Bg5 h6 6. Bxf6 Qxf6 7. e3 O-O 8. Rc1
Nc6 9. Be2 dxc4 10. Bxc4 e5 11. d5 e4 12. dxc6 exf3 13. Qxf3 Qxf3 14. gxf3 bxc6
15. Ke2 Bd6 16. Ne4 Rd8 17. Rhd1 Kf8 18. Bd3 Rb8 19. b3 Rb6 20. Nc5 Ke7 21. h4
h5 22. f4 Bxc5 23. Rxc5 Rd5 24. Rdc1 Kd6 25. R5c3 Ba6 26. e4 Rxd3 27. Rxd3+
Bxd3+ 28. Kxd3 g6 29. Rg1 a5 30. Rg5 Rb5 31. f3 Ke6 32. Kc4 Rxg5 33. fxg5 Ke5
34. a4 1-0

[Event "XV C.to Mondiale Seniores Over 50"]
[Site "Acqui Terme ITA"]
[Date "2015.11.13"]
[Round "4"]
[White "Rozentalis, Eduardas"]
[Black "Bruno, Fabio"]
[WhiteElo "2553"]
[BlackElo "2420"]
[Result "1-0"]
[PlyCount "125"]
[EventDate "2015.11.10"]

1. e4 e6 2. d4 d5 3. e5 c5 4. c3 Nc6 5. Nf3 Bd7 6. Be2 Nge7 7. O-O Ng6 8. Na3
cxd4 9. cxd4 a6 10. Nc2 Be7 11. g3 O-O 12. h4 f5 13. exf6 gxf6 14. Ne3 Nh8 15.
Ng2 Nf7 16. Re1 Qb6 17. Nf4 Rae8 18. a3 Bd8 19. b4 Nd6 20. Bd3 Ne4 21. Bxe4
dxe4 22. Rxe4 Ne7 23. Qb3 Nd5 24. Bd2 Qd6 25. Rae1 Nxf4 26. Bxf4 Qd5 27. Qxd5
exd5 28. Rxe8 Rxe8 29. Rxe8+ Bxe8 30. Kf1 Kf7 31. Ke2 Ke6 32. Bd2 Be7 33. Ne1
Bb5+ 34. Kf3 a5 35. Ng2 Bc4 36. Nf4+ Kf7 37. g4 b6 38. Ng2 Ke6 39. h5 Bd6 40.
Ke3 Bb3 41. f3 axb4 42. Bxb4 Bg3 43. h6 Bd1 44. Bd2 Bd6 45. Bc1 Bg3 46. Nf4+
Bxf4+ 47. Kxf4 b5 48. Kg3 Be2 49. f4 Bd1 50. f5+ Kf7 51. Kf4 Be2 52. Bd2 Bd1
53. Ba5 Ke7 54. Be1 Kf7 55. Bh4 Bc2 56. Bxf6 Kxf6 57. g5+ Kf7 58. Ke5 Be4 59.
g6+ hxg6 60. h7 Kg7 61. f6+ Kxh7 62. Kd6 g5 63. f7 1-0

[Event "XV C.to Mondiale Seniores Over 50"]
[Site "Acqui Terme ITA"]
[Date "2015.11.14"]
[Round "5"]
[White "Baimurzin, Aitkazy"]
[Black "Bellia, Fabrizio"]
[WhiteElo "2120"]
[BlackElo "2452"]
[Result "1-0"]
[PlyCount "107"]
[EventDate "2015.11.10"]

1. c4 e5 2. g3 Nf6 3. Bg2 d5 4. cxd5 Nxd5 5. Nc3 Nb6 6. Nf3 Nc6 7. a3 a5 8. d3
Be7 9. Be3 O-O 10. Rc1 Be6 11. O-O f5 12. Na4 e4 13. Ne1 Nd5 14. Bc5 Nf6 15.
Bh3 g6 16. Ng2 exd3 17. Nf4 Bf7 18. Nxd3 Re8 19. Bg2 Bd5 20. Nf4 Bxg2 21. Kxg2
Qxd1 22. Rfxd1 Rad8 23. Bxe7 Rxd1 24. Rxc6 bxc6 25. Bxf6 Kf7 26. Bc3 g5 27. Nh3
h6 28. e3 Rc1 29. Nc5 Rd8 30. Bd4 Rd5 31. Nd3 Rc2 32. Ne1 Rc4 33. Ng1 Rcxd4 34.
exd4 Rxd4 35. Ngf3 Rd1 36. Nc2 Rc1 37. Ne3 Kf6 38. Nd2 a4 39. Kf3 Ke5 40. Ke2
h5 41. Nd1 g4 42. Nc3 Kd4 43. Nd1 Rc2 44. Ke1 Kd3 45. Nb1 Re2+ 46. Kf1 Re5 47.
Nbc3 Kc2 48. Ne3+ Kb3 49. Ncd1 c5 50. Ke2 c4 51. Kd2 c5 52. Kc1 Re8 53. Nc3 Re6
54. Nc2 1-0

[Event "XV C.to Mondiale Seniores Over 50"]
[Site "Acqui Terme ITA"]
[Date "2015.11.14"]
[Round "5"]
[White "Bruno, Fabio"]
[Black "Mc Laren, Brian"]
[WhiteElo "2420"]
[BlackElo "2167"]
[Result "1-0"]
[PlyCount "105"]
[EventDate "2015.11.10"]

1. d4 f5 2. Nf3 Nf6 3. g3 e6 4. Bg2 d5 5. O-O Bd6 6. c4 c6 7. Qc2 O-O 8. Nc3
Qe8 9. c5 Bc7 10. Bf4 Bxf4 11. gxf4 Bd7 12. b4 Na6 13. Rab1 Nc7 14. a4 a6 15.
Ne5 Rd8 16. Qd3 Ne4 17. Bxe4 dxe4 18. Qg3 Qe7 19. Kh1 Rf6 20. Rg1 Be8 21. e3
Nd5 22. Nxd5 Rxd5 23. Qh4 Kh8 24. f3 Qf8 25. fxe4 fxe4 26. Rg5 Rf5 27. Rbg1
Rxg5 28. Qxg5 Kg8 29. Qg2 Bh5 30. Qxe4 Qf6 31. h3 g6 32. Kh2 Kg7 33. Rg5 Bd1
34. h4 Bh5 35. Qg2 Kh8 36. Qf2 Rd8 37. Rg2 Bd1 38. a5 Kg7 39. Rg5 Bh5 40. Nc4
h6 41. Re5 Rd7 42. Qg3 Kh7 43. Nd6 Be2 44. Kg1 Bh5 45. Kf2 Re7 46. Ke1 Rd7 47.
Ne4 Qf7 48. Kd2 Re7 49. Qh3 Kg7 50. Ng3 Kh8 51. Nxh5 gxh5 52. Qg2 Re8 53. Qe4
1-0

[Event "XV C.to Mondiale Seniores Over 50"]
[Site "Acqui Terme ITA"]
[Date "2015.11.14"]
[Round "5"]
[White "Cummings, David H"]
[Black "Arkell, Keith C"]
[WhiteElo "2307"]
[BlackElo "2499"]
[Result "0-1"]
[PlyCount "170"]
[EventDate "2015.11.10"]

1. d4 e6 2. c4 Bb4+ 3. Bd2 Bxd2+ 4. Qxd2 Nf6 5. Nc3 d5 6. Nf3 O-O 7. Qf4 a6 8.
e3 Nbd7 9. cxd5 Nxd5 10. Nxd5 exd5 11. Bd3 Nf6 12. O-O Re8 13. Rac1 c6 14. Ne5
Be6 15. h3 Ne4 16. f3 Nd6 17. Rfe1 f6 18. Ng4 Qd7 19. Rcd1 Rad8 20. Bb1 Bf5 21.
Bxf5 Qxf5 22. Qxf5 Nxf5 23. Rd3 h5 24. Nh2 h4 25. Nf1 Re7 26. Kf2 Kf7 27. Rc1
g5 28. Nh2 Nd6 29. Ng4 Kg7 30. Re1 Rde8 31. g3 hxg3+ 32. Kxg3 Kg6 33. Kf2 Rh8
34. Rh1 Nf5 35. Rb3 Rhe8 36. Rg1 Rh8 37. Rh1 Reh7 38. Kg2 Nd6 39. Rc3 Nc4 40.
b3 Nd6 41. Rc2 Re8 42. Rc3 Nf7 43. Nf2 f5 44. Re1 Nd6 45. Nd3 Kf6 46. Ne5 Reh8
47. Rh1 Ke6 48. Rcc1 Nf7 49. Nd3 Kf6 50. Rce1 Re8 51. Kf2 Nd8 52. b4 Ne6 53.
Nc5 a5 54. Nxe6 Kxe6 55. Rb1 axb4 56. Rxb4 Kd6 57. a4 f4 58. exf4 gxf4 59. Rg1
Rhe7 60. Rb2 Ra8 61. Rg4 Rxa4 62. Rxf4 b5 63. h4 Kc7 64. h5 Rh7 65. Rh4 Kb6 66.
Kg3 Ra1 67. Kf4 Rf7+ 68. Kg5 Rxf3 69. Rg2 Ra8 70. Rhg4 Rh3 71. Rh4 Rg8+ 72. Kh6
Rh8+ 73. Kg5 Rg8+ 74. Kh6 Rxh4 75. Rxg8 Rxd4 76. Rg1 Rh4 77. Kg5 Rh2 78. h6 b4
79. Rg4 Kc5 80. Kg6 b3 81. h7 b2 82. Rg1 Kc4 83. Kg7 Kb3 84. h8=Q Rxh8 85. Kxh8
Ka2 0-1